Statistiken für Top Weltsprachen Quiz

Klicken Sie hier um das Quiz zu spielen!

Allgemein

  • Dieses Quiz wurde 13.210 mal gespielt
  • Das Durchschnittsergebnis liegt bei 17 aus 58

Antwortstatistiken

#Sprache% Korrekt
360 Mio.Englisch
99%
89 Mio.Deutsch
98%
405 Mio.Spanisch
98%
75 Mio.Französisch
94%
155 Mio.Russisch
90%
215 Mio.Portugiesisch
89%
955 Mio.Mandarin
82%
125 Mio.Japanisch
81%
59 Mio.Italienisch
80%
295 Mio.Arabisch
76%
40 Mio.Polnisch
66%
63 Mio.Türkisch
66%
310 Mio.Hindi
57%
76 Mio.Koreanisch
57%
21 Mio.Niederländisch
57%
19 Mio.Serbokroatisch
50%
56 Mio.Thailändisch
46%
30 Mio.Ukrainisch
45%
77 Mio.Malaiisch
43%
24 Mio.Rumänisch
38%
76 Mio.Vietnamesisch
38%
45 Mio.Persisch
33%
205 Mio.Bengalisch
20%
59 Mio.Kantonesisch
19%
66 Mio.Urdu
19%
39 Mio.Paschto
17%
28 Mio.Tagalog
14%
70 Mio.Tamil
14%
21 Mio.Kurdisch
11%
26 Mio.Usbekisch
9%
102 Mio.Punjabi
8%
80 Mio.Wu
8%
33 Mio.Burmesisch
7%
38 Mio.Kannada
7%
25 Mio.Amharisch
6%
76 Mio.Telugu
6%
49 Mio.Gujarati
5%
34 Mio.Hausa
5%
82 Mio.Javanisch
5%
73 Mio.Marathi
5%
23 Mio.Aserbaidschanisch
4%
31 Mio.Hakka
4%
24 Mio.Igbo
4%
48 Mio.Jin
4%
38 Mio.Malayalam
4%
47 Mio.Min Nan
4%
28 Mio.Yoruba
4%
29 Mio.Bhojpuri
3%
21 Mio.Cebuano
3%
22 Mio.Gan
3%
27 Mio.Maithili
3%
33 Mio.Oriya
3%
24 Mio.Oromo
3%
26 Mio.Sindhi
3%
38 Mio.Sundanesisch
3%
38 Mio.Xiang
3%
22 Mio.Awadhi
2%
25 Mio.Fula
2%

Verteilung der Resultate

Perzentil nach korrekt beantworteten Fragen

Anzahl Personen mit jedem Resultat

Ihre Resultats-Entwicklung

Sie haben dieses Quiz noch nicht gespielt